000 00662nam a2200181 a 4500
001 000040018
005 20201002033852.0
008 130802s2007 mx 000 0 spa d
020 _a9789703204724
040 _aDO-SdBNP
_bspa
_cBNPHU
100 1 _aRoa Bárcena, José María,
_d1827-1908
_966249
245 1 0 _aDe la leyenda al relato Fantástico /
_cJosé María Roa ; edición e introducción Rafael Olea Franco,.
260 _aMéxico :
_bUniversidad Nacional Autónoma de México,
_c2007.
300 _a87 p. ;
_c18 cm.
490 1 _aRelato Licenciado Vidriera
_v47
700 1 _aOlea Franco, Rafael,
_966250
830 0 _aRelato Licenciado Vidriera
_v47
_966234
999 _c39508
_d39508